Online
Catalog

El desafío de la mayordomía y las misiones : (Record no. 15812)

MARC details
000 -CABECERA
campo de control de longitud fija 00933cam a2200265 a 4500
001 - NÚMERO DE CONTROL
campo de control 000016276
005 - FECHA Y HORA DE LA ÚLTIMA TRANSACCIÓN
campo de control 20200929164341.0
008 - DATOS DE LONGITUD FIJA--INFORMACIÓN GENERAL
campo de control de longitud fija 871013s1987 txu b 000 0 spa d
020 ## - NÚMERO INTERNACIONAL ESTÁNDAR DEL LIBRO
ISBN cancelado o inválido 0311270239
035 ## - NÚMERO DE CONTROL DEL SISTEMA
Número de control de sistema 87406116
040 ## - FUENTE DE LA CATALOGACIÓN
Centro catalogador/agencia de origen DO-SdBNP
Lengua de catalogación spa
Centro/agencia transcriptor BNPHU
Centro/agencia modificador DLC
082 ## - NÚMERO DE LA CLASIFICACIÓN DECIMAL DEWEY
Número de clasificación 266
Número de documento/Ítem B864d
049 ## - FONDOS LOCALES (OCLC)
Fondos de biblioteca BNGR
100 1# - ENTRADA PRINCIPAL--NOMBRE DE PERSONA
Nombre de persona Broda, N. Aldo.
9 (RLIN) 34400
245 13 - MENCIÓN DE TÍTULO
Título El desafío de la mayordomía y las misiones :
Resto del título enfoques del Nuevo Testamento /
Mención de responsabilidad, etc. N. Aldo Broda.
260 ## - PUBLICACIÓN, DISTRIBUCIÓN, ETC.
Lugar de publicación, distribución, etc. El Paso :
Nombre del editor, distribuidor, etc. Comisión de Mayordomía Total ;
-- Casa Bautista de Publicaciones,
Fecha de publicación, distribución, etc. c1987.
300 ## - DESCRIPCIÓN FÍSICA
Extensión 139 p. ;
Dimensiones 22 cm.
504 ## - NOTA DE BIBLIOGRAFÍA, ETC.
Nota de bibliografía, etc. Bibliografías: p. 139.
650 #4 - PUNTO DE ACCESO ADICIONAL DE MATERIA--TÉRMINO DE MATERIA
Término de materia o nombre geográfico como elemento de entrada Misiones
Subdivisión general Iglesia católica
-- Historia
9 (RLIN) 20306
650 #4 - PUNTO DE ACCESO ADICIONAL DE MATERIA--TÉRMINO DE MATERIA
Término de materia o nombre geográfico como elemento de entrada Mesías
Subdivisión general Enseñanza biblica
9 (RLIN) 36286
650 #4 - PUNTO DE ACCESO ADICIONAL DE MATERIA--TÉRMINO DE MATERIA
Término de materia o nombre geográfico como elemento de entrada Vida cristiana
Subdivisión general Enseñanza biblica
9 (RLIN) 8328
650 #4 - PUNTO DE ACCESO ADICIONAL DE MATERIA--TÉRMINO DE MATERIA
Término de materia o nombre geográfico como elemento de entrada Bible.
Subdivisión general N.t.
-- Comentarios
9 (RLIN) 36342
700 1# - PUNTO DE ACCESO ADICIONAL--NOMBRE DE PERSONA
Nombre de persona Broda, N. Aldo,
Término indicativo de función/relación tr.
9 (RLIN) 34400
910 ## - DATOS DE OPCIÓN DEL USUARIO (OCLC)
Datos de opción del usuario Catalogación por copia / LC
Holdings
Estado de retiro Estado de pérdida Restricciones de uso No para préstamo Código de colección Localización permanente Ubicación/localización actual Fecha de adquisición Número de inventario Total de préstamos Signatura topográfica completa Código de barras Fecha visto por última vez Precio válido a partir de Tipo de ítem Koha
    Préstamo interno   Monografías: Libros y Folletos General General 02.03.2010 LF1   266 B864d 16276-10 25.06.2020 25.06.2020 Préstamo interno

Powered by Koha